Enhancing Sustainable Industrial Growth through Research and Development: A Comparative Study of Innovation in V4
Skúmanie vzťahu medzi hrubou pridanou hodnotou pri environmentálnych tovaroch a sektore služieb, vzťahu medzi výdavkami na výskum a vývoj, personálom výskumu a vývoja a patentovými prihláškami na Slovensku, v Čechách, Poľsku a Maďarsku.
Gespeichert in:
| 1. Verfasser: | |
|---|---|
| Format: | Buchkapitel |
| Sprache: | Englisch |
| Schlagworte: | |
| Tags: |
Keine Tags, Fügen Sie das erste Tag hinzu!
|
MARC
| LEADER | 00000naa$a2200000$$$4500 | ||
|---|---|---|---|
| 001 | 0306465 | ||
| 005 | 20250130103531.7 | ||
| 041 | 0 | |a eng | |
| 044 | |a CZ | ||
| 245 | 1 | 0 | |a Enhancing Sustainable Industrial Growth through Research and Development: A Comparative Study of Innovation in V4 |c Mária Barteková |
| 520 | |a Skúmanie vzťahu medzi hrubou pridanou hodnotou pri environmentálnych tovaroch a sektore služieb, vzťahu medzi výdavkami na výskum a vývoj, personálom výskumu a vývoja a patentovými prihláškami na Slovensku, v Čechách, Poľsku a Maďarsku. | ||
| 610 | 2 | 0 | |a ekonomika ekologická |
| 610 | 2 | 0 | |a ekonomika environmentálna |
| 610 | 2 | 0 | |a ekonomika zelená |
| 610 | 2 | 0 | |a inovácie environmentálne |
| 610 | 2 | 0 | |a ciele riadenia |
| 610 | 2 | 0 | |a udržateľnosť |
| 610 | 2 | 0 | |a rozvoj trvalo udržateľný |
| 610 | 2 | 0 | |a Vyšehradská štvorka |
| 100 | 1 | |a Barteková, Mária, 1992- | |